[Event "Moscow4"]
[Site "Moscow"]
[Date "1991.??.??"]
[Round "?"]
[White "Sericano, Claudio"]
[Black "Nikitin, Aleksander S"]
[Result "0-1"]
[WhiteElo "2305"]
[BlackElo "2405"]
[PlyCount "50"]
[EventDate "1991.??.??"]
[EventType "swiss"]
[EventRounds "9"]
[EventCountry "URS"]
[SourceTitle "TD"]
[Source "ChessBase"]
[SourceDate "1994.03.01"]
[SourceVersion "1"]
[SourceVersionDate "1994.03.01"]
[SourceQuality "1"]

1. d4 Nf6 2. Nf3 g6 3. Nc3 d5 4. Bf4 Bg7 5. e3 0-0 6. Be2 c5 7. Ne5 Nc6 8. h4 cxd4 9. exd4 Qb6 10. Nxc6 bxc6 11. Na4 Qb7 12. Be5 Bh6 13. h5 g5 14. Bxf6 exf6 15. 0-0 f5 16. f4 gxf4 17. Bf3 Re8 18. Qd2 Re3 19. b3 Qe7 20. Nc5 Bg5 21. Nd3 Ba6 22. c4 dxc4 23. Nxf4 Bxf4 24. Bxc6 Rf3 25. Qa5 Qe3+ 0-1

[Event "Belgorod-B"]
[Site "Belgorod"]
[Date "1991.??.??"]
[Round "?"]
[White "Sericano, Claudio"]
[Black "Shcherbakov, Ruslan"]
[Result "0-1"]
[WhiteElo "2305"]
[BlackElo "2505"]
[PlyCount "60"]
[EventDate "1991.??.??"]
[EventType "tourn"]
[EventRounds "11"]
[EventCountry "URS"]
[EventCategory "4"]
[SourceTitle "TD"]
[Source "ChessBase"]
[SourceDate "1994.03.01"]
[SourceVersion "1"]
[SourceVersionDate "1994.03.01"]
[SourceQuality "1"]

1. d4 e6 2. Nf3 c5 3. c3 Nc6 4. e3 d5 5. Bd3 Nf6 6. Nbd2 Be7 7. 0-0 0-0 8. dxc5 Bxc5 9. e4 h6 10. Bc2 Bb6 11. h3 Re8 12. exd5 exd5 13. Nb3 Ne4 14. Nbd4 Qf6 15. Be3 Na5 16. Qd3 Nc4 17. Bc1 Bd7 18. b3 Ncd6 19. Bb2 Rac8 20. Rac1 Qg6 21. Ne2 Bb5 22. Qd1 Nxf2 23. Rxf2 Bxe2 24. Qxd5 Bxf3 25. Qxf3 Ne4 26. Bxe4 Rxe4 27. Rcf1 Rce8 28. Ba3 Re3 29. Qxf7+ Qxf7 30. Rxf7 Rf3+ 0-1

[Event "Ragusa op"]
[Site "Ragusa"]
[Date "1989.??.??"]
[Round "?"]
[White "Kovacevic, Slobodan"]
[Black "Sericano, Claudio"]
[Result "1-0"]
[WhiteElo "2375"]
[BlackElo "2185"]
[PlyCount "115"]
[EventDate "1989.??.??"]
[EventType "swiss"]
[EventRounds "9"]
[EventCountry "ITA"]
[SourceTitle "EXT 1998"]
[Source "ChessBase"]
[SourceDate "1997.11.17"]
[SourceVersion "1"]
[SourceVersionDate "1997.11.17"]
[SourceQuality "1"]

1. d4 Nf6 2. Nf3 e6 3. Bg5 c5 4. e3 Qb6 5. Qc1 Ne4 6. Bh4 h6 7. c3 d5 8. Nbd2 g5 9. Bg3 Nxg3 10. hxg3 Bg7 11. Be2 Nc6 12. Nb3 c4 13. Nbd2 e5 14. dxe5 Nxe5 15. Nxe5 Bxe5 16. Nf3 Bg7 17. Qd2 Be6 18. Qc2 Qc6 19. Rd1 0-0-0 20. Nd4 Bxd4 21. Rxd4 f5 22. Qd2 Rd7 23. a3 Kc7 24. Bf3 Kc8 25. Qd1 Qb5 26. Rd2 g4 27. Be2 h5 28. Qb1 Rdh7 29. Rh4 Rd7 30. Bd1 Rd6 31. Bc2 Qd7 32. Rd4 Rb6 33. a4 a5 34. Rf4 Kc7 35. Kf1 Kc8 36. Kg1 Kc7 37. Kh2 Rh6 38. Rd4 Qf7 39. Qc1 Rh8 40. Rf4 Qd7 41. Bd1 Rh7 42. Qd2 Kc8 43. Qc1 Kc7 44. Bc2 Rh8 45. Qb1 Rh7 46. Rd4 Qf7 47. b3 cxb3 48. Bxb3 Rh8 49. Qd1 Rd8 50. c4 dxc4 51. Rxd8 cxb3 52. Rh8 b2 53. Qc2+ Bc4 54. Qb1 Bd3 55. Qxd3 b1Q 56. Qd8+ Kc6 57. Rh6+ Kc5 58. Qd4# 1-0